000 03429cam a2200289 4500500
005 20260405002644.0
041 _afre
042 _adc
100 1 0 _aAssigbe, Kodjo
_eauthor
245 0 0 _aRepenser l’empowerment en santé à l’aune des dispositifs numériques de surveillance de la santé : une approche par le sense-making
260 _c2026.
500 _a26
520 _aCette contribution examine les formes d’empowerment mobilisées par les usagers de dispositifs non professionnels de quantification de soi (quantified self) à travers l’analyse de leurs pratiques informationnelles et communicationnelles. En s’appuyant sur une enquête qualitative menée sur les forums MyFitnesspal et Fitbit, il explore la manière dont les individus interprètent les données de santé produites par ces dispositifs et les intègrent à leurs routines. L’approche théorique mobilise les apports du sense-making et de la sociologie des usages pour interroger les processus d’appropriation, de contestation et de négociation des normes numériques. Trois formes d’empowerment sont mises en évidence : cognitif (capacité à interpréter et à adapter les données), critique (mise à distance de l’autorité algorithmique) et collectif (soutien et apprentissage par les pairs). Loin d’un modèle purement individualiste, ces formes d’empowerment sont situées, relationnelles et parfois conflictuelles. L’étude met ainsi en lumière la complexité des usages des objets connectés de santé, en soulignant leur rôle de dispositifs de médiation sociotechnique où se rejouent les rapports au corps, à l’information et à l’autonomie.
520 _aThis contribution examines the forms of empowerment mobilized by users of non-professional self-tracking (Quantified Self) devices through an analysis of their informational and communicational practices. Based on a qualitative study conducted on the MyFitnessPal and Fitbit forums, it explores how individuals interpret the health data produced by these devices and integrate them into their daily routines. The theoretical framework draws on sense-making theory and the sociology of uses to investigate processes of appropriation, contestation, and negotiation of digital norms. Three forms of empowerment are identified: cognitive (the ability to interpret and adapt data), critical (distancing oneself from algorithmic authority), and collective (peer support and learning). Far from a purely individualistic model, these forms of empowerment are situated, relational, and sometimes conflictual. The study thus highlights the complexity of health-related connected device uses, emphasizing their role as sociotechnical mediation devices where relationships to the body, information, and autonomy are continuously reconfigured.
690 _aappropriation des TIC
690 _aempowerment en santé
690 _alittératie des données
690 _aquantified Self (QS)
690 _asense-making
690 _adata literacy
690 _ahealth empowerment
690 _aICT appropriation
690 _aQuantified Self (QS)
690 _asense-making
786 0 _nApproches Théoriques en Information-Communication (ATIC) | 11 | 1 | 2026-03-12 | p. 115-129
856 4 1 _uhttps://shs.cairn.info/revue-approches-theoriques-en-information-communication-atic-2026-1-page-115?lang=fr&redirect-ssocas=7080
999 _c2059742
_d2059742